Hayley Williams - Parachute Lyrics - Statistics

General Stats
  • This quiz has been taken 28 times
  • The average score is 223 of 286
Answer Stats
Answer % Correct
a
100%
I
100%
me
95%
you
95%
You
95%
parachute
89%
to
89%
were
89%
and
84%
And
84%
catch
84%
could
84%
for
84%
gonna
84%
in
84%
it,
84%
it
84%
my
84%
never
84%
thought
84%
told
84%
do
79%
fall
79%
stopped
79%
the
79%
was
79%
at
74%
drunk
74%
falling
74%
home
74%
leave
74%
not
74%
of
74%
think
74%
"us"?
74%
wedding
74%
without
74%
broken
68%
ever
68%
her
68%
let
68%
on
68%
plane
68%
Rio
68%
up
68%
what
68%
asked
63%
better
63%
give
63%
hair
63%
know
63%
Now
63%
now
63%
run
63%
saw
63%
see
63%
that
63%
anything
58%
could've
58%
decided
58%
done
58%
I'm
58%
life
58%
moment
58%
movie
58%
our
58%
said
58%
spiralled
58%
Tell
58%
air
53%
from
53%
waited
53%
wanted
53%
won
53%
away
47%
rain's
47%
senses
47%
wash
47%
woulda
47%
coulda
42%
fly
42%
spider
42%
spinning
42%
Watch
42%
Yes
42%
sky
37%
through
37%
web
32%
weaving
5%
No matching quizzes found
Score Distribution
Percent of People with Each Score
Percentile by Number Answered
Your Score History
You have not taken this quiz